Indian Institutions in the early 1980s (Record no. 1113391)

MARC details
000 -LEADER
fixed length control field 00730nam a2200253Ia 4500
003 - CONTROL NUMBER IDENTIFIER
control field OSt
005 - DATE AND TIME OF LATEST TRANSACTION
control field 20221006160503.0
008 - FIXED-LENGTH DATA ELEMENTS--GENERAL INFORMATION
fixed length control field 221006b |||||||| |||| 00| 0 eng d
037 ## - SOURCE OF ACQUISITION
Terms of availability Series Articles
040 ## - CATALOGING SOURCE
Original cataloging agency EASL
Transcribing agency EASL
Language of cataloging eng
041 ## - LANGUAGE CODE
Source of code eng
Language code of text/sound track or separate title eng
100 ## - MAIN ENTRY--PERSONAL NAME
Personal name Maiorano Diego
9 (RLIN) 428367
245 #0 - TITLE STATEMENT
Title Indian Institutions in the early 1980s
Remainder of title The pre- history of the great transformation
260 ## - PUBLICATION, DISTRIBUTION, ETC.
Place of publication, distribution, etc. New York
Name of publisher, distributor, etc. Cambridge University Press U.K
Date of publication, distribution, etc. 2014
300 ## - PHYSICAL DESCRIPTION
Extent 1389-1434pp.
Dimensions cm.
490 ## - SERIES STATEMENT
Volume/sequential designation 48 2
650 ## - SUBJECT ADDED ENTRY--TOPICAL TERM
Topical term or geographic name entry element History - 1980
9 (RLIN) 673853
650 ## - SUBJECT ADDED ENTRY--TOPICAL TERM
Topical term or geographic name entry element Asian Studies
942 ## - ADDED ENTRY ELEMENTS (KOHA)
Koha item type Reference
Source of classification or shelving scheme Colon Classification (CC)

No items available.

Copyright @ Delhi University Library System